Films d'Harrison Ford par images - Statistiques

Statistiques générales
  • Ce quiz a été pris 205 fois
    8 depuis la dernière actualisation
  • Le résultat moyen est 5 sur 16
Statistiques - réponses
Par images Réponse % Correct
Les aventuriers de l'arche perdue
100%
Star Wars
100%
Le fugitif
50%
Witness
50%
Blade Runner
25%
Danger immédiat
25%
Jeux de guerre
25%
L'Appel de la forêt
25%
Air Force One
13%
American graffiti
13%
Présumé innocent
13%
Six jours, sept nuits
13%
42
0%
Apocalypse now
0%
Apparences
0%
The Age of Adaline
0%
Aucun quiz correspondant
Distribution des résultats
% des personnes avec chaque résultat
Percentile par nombre de réponses
Votre historique - résultats
Vous n’avez pas pris ce quiz depuis la dernière actualisation